Statistics for Countries By Things They Are Famous For - C

Click here to take the quiz!

General Stats

  • This quiz has been taken 25 times
  • The average score is 3 of 12

Answer Stats

HintAnswer% Correct
Maple Syrup and Asteroid ImpactsCanada
100%
BaseballCuba
36%
Drinking BeerCzechia
36%
Long AlphabetsCambodia
32%
CO2 Emissions and Renewable EnergyChina
27%
RainColombia
27%
HappinessCosta Rica
23%
Killer LakesCameroon
18%
Conserving ElectricityChad
18%
Staying MarriedChile
18%
Expensive InternetCentral African Republic
5%
MalariaCo´te d'Ivoire
0%

Score Distribution

Percentile by Number Answered

Percent of People with Each Score

Your Score History

You have not taken this quiz